[Event "USCL Carolina vs Queens"]
[Site "Internet Chess Club"]
[Date "2009.09.23"]
[Round "4"]
[White "Kelleher, Jeff"]
[Black "Jones, Craig"]
[Result "1-0"]
[WhiteElo "2070"]
[BlackElo "2275"]
[PlyCount "107"]
[EventDate "2009.??.??"]

1. d4 Nf6 2. c4 c5 3. e3 g6 4. Nf3 Bg7 5. Nc3 O-O 6. d5 e6 7. Bd3 exd5 8. cxd5
Na6 9. O-O d6 10. h3 Nc7 11. Bc4 b6 12. Re1 a6 13. a4 Rb8 14. e4 b5 15. axb5
axb5 16. Bd3 b4 17. Ne2 Nd7 18. Bg5 Bf6 19. Qd2 Re8 20. Ng3 Ne5 21. Nxe5 Bxg5
22. f4 Bh6 23. Nc6 Qh4 24. Qf2 Rb6 25. Rf1 Bg7 26. Kh1 Rxc6 27. dxc6 Bd4 28.
Qe1 Bxb2 29. Ra7 Bc3 30. Qf2 Bd4 31. Qe1 Qd8 32. Ne2 Bg7 33. Qg3 d5 34. exd5
Nxd5 35. Bc4 Be6 36. f5 gxf5 37. Nf4 Nxf4 38. Qxf4 Qb6 39. Bxe6 Qxa7 40. Bd7
Re5 41. Bxf5 Qc7 42. Bd7 f6 43. Qc4+ Kf8 44. Ra1 Qb8 45. Qb3 Ke7 46. Rd1 Re4
47. Bg4 c4 48. Qf3 Re5 49. Rd7+ Kf8 50. c7 Re1+ 51. Kh2 Qe8 52. Rd8 c3 53. c8=Q
Re5 54. Bh5 1-0

[Event "USCL Boston vs Philadelphia"]
[Site "Internet Chess Club"]
[Date "2009.09.23"]
[Round "4"]
[White "Sivakumar, Kavinayan"]
[Black "Martirosov, Vadim"]
[Result "0-1"]
[WhiteElo "2048"]
[BlackElo "2235"]
[PlyCount "144"]
[EventDate "2009.??.??"]

1. e4 c5 2. Nf3 Nc6 3. Bb5 Na5 4. O-O a6 5. Be2 b5 6. d4 cxd4 7. Nxd4 Bb7 8.
Bf3 d6 9. Nc3 e6 10. a3 Nf6 11. Re1 Be7 12. b3 O-O 13. Bb2 Rc8 14. Qe2 Nc6 15.
Nxc6 Bxc6 16. Rad1 Qc7 17. h3 Rfe8 18. g3 Qb7 19. Bg2 a5 20. b4 axb4 21. axb4
Bf8 22. f4 d5 23. e5 Ne4 24. Nxe4 dxe4 25. c3 Red8 26. Rxd8 Rxd8 27. Rd1 Qa7+
28. Kf1 Rd3 29. Rxd3 exd3 30. Qxd3 Bxg2+ 31. Kxg2 Qa2 32. Qd2 h5 33. Bc1 Qc4
34. Kf2 Be7 35. Qe1 g6 36. Be3 Qd3 37. Bd4 Bxb4 38. cxb4 Qxd4+ 39. Kf3 Qd3+ 40.
Kf2 h4 41. gxh4 Qxh3 42. Ke2 Qg2+ 43. Ke3 Qc2 44. Qd2 Qb3+ 45. Ke4 Kg7 46. Qd6
Qc4+ 47. Ke3 Qc1+ 48. Qd2 Qg1+ 49. Qf2 Qh1 50. Kd2 Qh3 51. Kc2 Qa3 52. Qd4 Qg3
53. Kd2 Qxh4 54. Qe3 Qh1 55. Kc3 Qa1+ 56. Kc2 Qa2+ 57. Kc1 Qc4+ 58. Kd1 Qxb4
59. Qg3 Qb1+ 60. Kd2 Qb2+ 61. Kd1 Qd4+ 62. Kc1 b4 63. Qg5 b3 64. Qf6+ Kg8 65.
f5 Qc3+ 66. Kd1 Qc2+ 67. Ke1 Qxf5 68. Qd8+ Kg7 69. Qb8 Qb1+ 70. Kf2 Qc2+ 71.
Kg3 b2 72. Qd8 Qf5 0-1

[Event "USCL Dallas vs Seattle"]
[Site "Internet Chess Club"]
[Date "2009.09.23"]
[Round "4"]
[White "Kiewra, Keaton"]
[Black "Lee, Michael"]
[Result "1-0"]
[WhiteElo "2365"]
[BlackElo "2384"]
[PlyCount "79"]
[EventDate "2009.??.??"]

1. e4 c5 2. Nf3 Nc6 3. Bb5 g6 4. O-O Bg7 5. c3 Nf6 6. e5 Nd5 7. d4 cxd4 8. cxd4
O-O 9. Nc3 Nc7 10. Bg5 h6 11. Bh4 Nxb5 12. Nxb5 Qa5 13. Nc3 d5 14. exd6 exd6
15. d5 Ne5 16. Nxe5 Bxe5 17. Qd2 Kh7 18. Rae1 Bf5 19. Rxe5 dxe5 20. Be7 Rfe8
21. d6 Rxe7 22. dxe7 Re8 23. Qd6 Qb6 24. Qxe5 Qe6 25. Qd4 Rxe7 26. h3 Qe5 27.
Qxa7 Bxh3 28. gxh3 Qg5+ 29. Kh1 Qf4 30. f3 Qg3 31. Qf2 Qxh3+ 32. Kg1 Re5 33.
Ne4 Qe6 34. Qd4 g5 35. Qd6 Rxe4 36. Qd3 f5 37. fxe4 fxe4 38. Qe2 Qe5 39. Qh5
Qd4+ 40. Kh1 1-0

[Event "USCL Dallas vs Seattle"]
[Site "Internet Chess Club"]
[Date "2009.09.23"]
[Round "4"]
[White "Mikhailuk, Slava"]
[Black "Ludwig, Daniel"]
[Result "1-0"]
[WhiteElo "2437"]
[BlackElo "2543"]
[PlyCount "85"]
[EventDate "2009.??.??"]

1. c4 Nf6 2. g3 c6 3. Nf3 d5 4. Qc2 Bg4 5. Ne5 Bh5 6. Bg2 e6 7. d4 Nbd7 8. O-O
Bd6 9. f4 O-O 10. c5 Be7 11. Nc3 Qc7 12. Be3 Ng4 13. Nxg4 Bxg4 14. Bf2 Bf5 15.
e4 dxe4 16. Nxe4 Nf6 17. Nxf6+ Bxf6 18. Qe2 Rfd8 19. Rad1 Bg6 20. b4 Rd7 21.
Rd2 Rad8 22. Rfd1 b5 23. Qf3 Rd5 24. Qe3 Qd7 25. g4 a5 26. bxa5 Ra8 27. Qb3 h5
28. Bxd5 exd5 29. f5 Bh7 30. h3 hxg4 31. hxg4 Rxa5 32. Qh3 g6 33. Bh4 Ra3 34.
Qxa3 Bxh4 35. Rh2 Qe7 36. Qh3 g5 37. Qf3 Qc7 38. Rxh4 gxh4 39. Re1 f6 40. Re8+
Kg7 41. Qe3 Qg3+ 42. Qxg3 hxg3 43. Kg2 1-0

[Event "USCL New York vs Baltimore"]
[Site "Internet Chess Club"]
[Date "2009.10.05"]
[Round "6"]
[White "Herman, Matt"]
[Black "Uesugi, Shinsaku"]
[Result "0-1"]
[WhiteElo "2275"]
[BlackElo "2354"]
[PlyCount "64"]
[EventDate "2009.??.??"]

1. e4 c5 2. Nf3 Nc6 3. d4 cxd4 4. Nxd4 Nf6 5. Nc3 e5 6. Ndb5 d6 7. Bg5 a6 8.
Na3 b5 9. Nd5 Be7 10. Bxf6 Bxf6 11. c3 Bg5 12. Nc2 O-O 13. a4 bxa4 14. Rxa4 a5
15. Bc4 Bd7 16. b3 Ne7 17. Nxe7+ Qxe7 18. Ra2 Bc6 19. f3 Kh8 20. O-O f5 21.
exf5 d5 22. Bd3 Qc5+ 23. Kh1 Qxc3 24. Ra3 Qc5 25. Re1 e4 26. fxe4 dxe4 27. Bxe4
Bxe4 28. Rxe4 Rad8 29. Qb1 Rd2 30. Ra2 Qd5 31. Ne3 Bxe3 32. Rxd2 Qxd2 0-1

[Event "USCL Chicago vs Philadelphia"]
[Site "Internet Chess Club"]
[Date "2009.10.05"]
[Round "6"]
[White "Mitkov, Nikola"]
[Black "Lenderman, Alex"]
[Result "0-1"]
[WhiteElo "2554"]
[BlackElo "2638"]
[PlyCount "96"]
[EventDate "2009.??.??"]

1. d4 d5 2. Bf4 Nf6 3. Nf3 c5 4. e3 Nc6 5. c3 Qb6 6. Qb3 c4 7. Qc2 Bf5 8. Qc1
Qa5 9. Nbd2 b5 10. b4 Nxb4 11. cxb4 Qxb4 12. Ne5 e6 13. a4 bxa4 14. Bd3 a3 15.
Bxf5 exf5 16. O-O Ne4 17. Nxe4 fxe4 18. Qd1 g6 19. Rb1 Qa5 20. Rb7 a2 21. Nxf7
Qa6 22. Rc7 Rc8 23. Nxh8 Rxc7 24. Bxc7 Bb4 25. Qa1 c3 26. Rc1 Qe2 27. h3 Qb2
28. Kh2 Qxa1 29. Rxa1 c2 30. Rxa2 c1=Q 31. Rxa7 Qxc7+ 32. Rxc7 Bd6+ 33. g3 Bxc7
34. h4 Kf8 35. h5 Kg7 36. hxg6 hxg6 37. Nxg6 Kxg6 38. Kg2 Ba5 39. f3 Be1 40. g4
Kg5 41. Kf1 Bb4 42. Kf2 Kh4 43. Kg2 Be7 44. Kf2 Kh3 45. Ke2 Kg3 46. fxe4 dxe4
47. g5 Bxg5 48. d5 Be7 0-1

[Event "USCL New York vs Baltimore"]
[Site "Internet Chess Club"]
[Date "2009.10.05"]
[Round "6"]
[White "Harris, Ian"]
[Black "Norowitz, Yaacov"]
[Result "0-1"]
[WhiteElo "2172"]
[BlackElo "2354"]
[PlyCount "82"]
[EventDate "2009.??.??"]

1. d4 Nf6 2. Nf3 d5 3. e3 c6 4. Nbd2 Bf5 5. Bd3 e6 6. O-O Bd6 7. b3 Nbd7 8. Bb2
Qc7 9. Bxf5 exf5 10. c4 O-O 11. Qc2 g6 12. a4 a5 13. c5 Be7 14. Bc3 Ne4 15.
Rfc1 Bf6 16. b4 axb4 17. Bxb4 Rfe8 18. a5 f4 19. Nxe4 Rxe4 20. Ra3 fxe3 21.
fxe3 Bg7 22. Nd2 Re7 23. Rb1 Nf6 24. Nf1 h5 25. Be1 Ne4 26. Rb6 f5 27. Qd3 f4
28. a6 bxa6 29. Raxa6 Rxa6 30. Qxa6 fxe3 31. Rxc6 Qf4 32. Rxg6 Kh7 33. Re6 Rf7
34. Qe2 Qf5 35. Re8 Bxd4 36. c6 Qxf1+ 37. Qxf1 e2+ 38. Qf2 Bxf2+ 39. Bxf2 Rxf2
40. Re7+ Kg6 41. Rxe4 Rf1# 0-1

[Event "USCL Chicago vs Philadelphia"]
[Site "Internet Chess Club"]
[Date "2009.10.05"]
[Round "6"]
[White "Smith, Bryan"]
[Black "van de Mortel, Jan"]
[Result "0-1"]
[WhiteElo "2528"]
[BlackElo "2456"]
[PlyCount "94"]
[EventDate "2009.??.??"]

1. e4 c5 2. Nf3 d6 3. d4 cxd4 4. Qxd4 a6 5. c4 Nc6 6. Qd2 g6 7. h3 Bg7 8. Nc3
Nf6 9. Bd3 O-O 10. O-O Nd7 11. Nd5 Nc5 12. Re1 Rb8 13. Qe2 e6 14. Nc3 Nb4 15.
Bc2 b5 16. cxb5 axb5 17. Bg5 Qb6 18. Rad1 Nxc2 19. Qxc2 b4 20. Na4 Qa7 21. Nxc5
dxc5 22. e5 Bb7 23. Nh2 h5 24. Rd7 Qxa2 25. Bf6 Rfc8 26. Red1 Bc6 27. Re7 Ba4
28. Qd3 Qd5 29. Qxd5 exd5 30. Rxd5 Bb3 31. Rdd7 Bf8 32. Nf3 Bxe7 33. Rxe7 Re8
34. Rc7 Rbc8 35. Ra7 Ra8 36. Rc7 Rac8 37. Ra7 Bd5 38. Be7 Bxf3 39. gxf3 Rxe7
40. Rxe7 c4 41. Rd7 c3 42. bxc3 bxc3 43. Rd1 c2 44. Rc1 Kf8 45. f4 Ke7 46. f5
gxf5 47. Kf1 Ke6 0-1

[Event "USCL Chicago vs Philadelphia"]
[Site "Internet Chess Club"]
[Date "2009.10.05"]
[Round "6"]
[White "Sivakumar, Kavinayan"]
[Black "Rosen, Eric"]
[Result "1/2-1/2"]
[WhiteElo "2048"]
[BlackElo "2164"]
[PlyCount "108"]
[EventDate "2009.??.??"]

1. e4 e5 2. Nf3 Nc6 3. Bc4 Bc5 4. c3 Nf6 5. d3 a6 6. Bb3 d6 7. O-O Ba7 8. Nbd2
Ne7 9. Re1 Ng6 10. Nf1 O-O 11. Ng3 Bg4 12. h3 Be6 13. d4 c6 14. Bxe6 fxe6 15.
dxe5 dxe5 16. Qb3 Qc8 17. Be3 Bxe3 18. Rxe3 Rd8 19. Ng5 Nf4 20. Nf5 Kf8 21. g3
h6 22. gxf4 hxg5 23. fxg5 Nh5 24. Nh4 Nf4 25. Rf3 Kg8 26. Ng2 Nxg2 27. Kxg2 Qd7
28. h4 Rf8 29. Qd1 Qe7 30. Qe2 Rxf3 31. Qxf3 Rf8 32. Qg3 Rf4 33. f3 Qd8 34. Qe1
Qd3 35. Qf2 Rf8 36. Re1 Rd8 37. Re2 Qd1 38. Qf1 Qd3 39. Qf2 Qd1 40. Rc2 Rd3 41.
Qe2 Kf7 42. Qxd1 Rxd1 43. h5 Rd8 44. Kg3 Rd1 45. Rg2 Rh1 46. Kg4 a5 47. b3 Ke7
48. c4 b6 49. a3 Kf7 50. Rf2 Rg1+ 51. Kh4 Rh1+ 52. Kg4 Rg1+ 53. Kh4 Rh1+ 54.
Kg4 Rg1+ 1/2-1/2

[Event "USCL Arizona vs New Jersey"]
[Site "Internet Chess Club"]
[Date "2009.10.05"]
[Round "6"]
[White "Ippolito, Dean"]
[Black "Barcenilla, Rogelio"]
[Result "0-1"]
[WhiteElo "2535"]
[BlackElo "2583"]
[PlyCount "74"]
[EventDate "2009.??.??"]

1. d4 Nf6 2. c4 g6 3. Nf3 Bg7 4. g3 d6 5. Bg2 O-O 6. O-O Nbd7 7. Nc3 e5 8. e4
c6 9. h3 Qa5 10. Re1 exd4 11. Nxd4 Ne5 12. Bf1 Re8 13. Be3 Be6 14. Nxe6 Rxe6
15. f4 Ned7 16. Bf2 Rae8 17. Bg2 Nc5 18. Qb1 Qb4 19. e5 Nfd7 20. a3 Qxc4 21.
Bf1 Qb3 22. Be2 dxe5 23. Bd1 Qc4 24. Be2 Qb3 25. Bd1 Qb6 26. Bg4 f5 27. Na4 Qb3
28. Nxc5 Nxc5 29. Bd1 Qd5 30. fxe5 Nd3 31. Re3 Nxf2 32. Bb3 Nxh3+ 33. Kf1 Qh1+
34. Ke2 Qg2+ 35. Kd3 Rd8+ 36. Kc4 Qd5+ 37. Kb4 a5+ 0-1

[Event "USCL Chicago vs Philadelphia"]
[Site "Internet Chess Club"]
[Date "2009.10.05"]
[Round "6"]
[White "Felecan, Florin"]
[Black "Costigan, Richard"]
[Result "1/2-1/2"]
[WhiteElo "2430"]
[BlackElo "2288"]
[PlyCount "154"]
[EventDate "2009.??.??"]

1. e4 d5 2. exd5 Qxd5 3. Nc3 Qa5 4. d4 Nf6 5. Bc4 c6 6. Nf3 Bf5 7. O-O e6 8.
Qe2 Nbd7 9. h3 Bb4 10. Bd2 O-O 11. Bb3 Nd5 12. Nb1 Rfe8 13. c3 Bd6 14. c4 Qa6
15. Nh4 Bg6 16. Nxg6 hxg6 17. Nc3 Nxc3 18. Bxc3 Nf6 19. Rfe1 c5 20. dxc5 Bxc5
21. Qf3 Qb6 22. Ba4 Red8 23. b4 Bd4 24. Bb3 Bxc3 25. Qxc3 a5 26. bxa5 Rxa5 27.
Rac1 Rc5 28. Qe3 Qc7 29. Rcd1 b6 30. Rxd8+ Qxd8 31. Rd1 Qb8 32. Qd4 Rc8 33. g4
Qb7 34. Qe3 Nd7 35. h4 Rc5 36. Rd4 Qc6 37. f4 e5 38. Rd2 Nf6 39. h5 exf4 40.
Rd8+ Kh7 41. hxg6+ fxg6 42. Qh3+ Nh5 43. Kf1 Qe6 44. Rd5 Kg8 45. Rd8+ Kf7 46.
Qf3 Ng3+ 47. Kg2 Qe2+ 48. Qxe2 Nxe2 49. Kf3 Nc1 50. Kxf4 Nxb3 51. axb3 Rc6 52.
Rd7+ Kf8 53. Ke5 Rf6 54. Rb7 g5 55. b4 Rf4 56. Kd5 Rxg4 57. Rxb6 Rg1 58. c5 g4
59. Ke6 Re1+ 60. Kf5 g3 61. Rg6 Rb1 62. Rxg3 Rxb4 63. Ke5 Kf7 64. Kd6 Rd4+ 65.
Kc7 Rc4 66. c6 Kf6 67. Kd7 g5 68. c7 Kf5 69. c8=Q Rxc8 70. Kxc8 Kf4 71. Rg1 g4
72. Kd7 g3 73. Ke6 Kf3 74. Ke5 Kf2 75. Ra1 g2 76. Kf4 g1=Q 77. Rxg1 Kxg1
1/2-1/2

[Event "USCL Arizona vs New Jersey"]
[Site "Internet Chess Club"]
[Date "2009.10.05"]
[Round "6"]
[White "Finn, Sean"]
[Black "Adelberg, David"]
[Result "1/2-1/2"]
[WhiteElo "2114"]
[BlackElo "2160"]
[PlyCount "100"]
[EventDate "2009.??.??"]

1. e4 c5 2. Nf3 d6 3. d4 cxd4 4. Nxd4 Nf6 5. Nc3 a6 6. Bg5 e6 7. f4 Qc7 8. Bxf6
gxf6 9. Qd3 Nc6 10. O-O-O Bd7 11. Be2 h5 12. Rhf1 O-O-O 13. Kb1 Kb8 14. Rf3 Be7
15. Rg3 Nxd4 16. Qxd4 Bc8 17. Na4 d5 18. e5 fxe5 19. fxe5 Bd7 20. Rc3 Qa5 21.
Nb6 Bb4 22. Rc4 dxc4 23. Nxd7+ Rxd7 24. Qxd7 Qxe5 25. Bf3 Qc7 26. Qd4 e5 27.
Qe4 Be7 28. Qxb7+ Qxb7 29. Bxb7 Kxb7 30. Rd7+ Kc6 31. Rxe7 Rg8 32. g3 h4 33.
Rxe5 hxg3 34. hxg3 Rxg3 35. a3 Rg1+ 36. Ka2 Rf1 37. b3 cxb3+ 38. Kxb3 f5 39.
Kc4 Rf4+ 40. Kd3 Rf3+ 41. Re3 Rxe3+ 42. Kxe3 Kc5 43. Kf4 Kc4 44. Kxf5 Kc3 45.
Ke4 a5 46. Kd5 Kxc2 47. Kc4 Kd2 48. a4 Ke3 49. Kb5 Kd4 50. Kxa5 Kc5 1/2-1/2

[Event "USCL Carolina vs Boston"]
[Site "Internet Chess Club"]
[Date "2009.10.07"]
[Round "6"]
[White "Krasik, Ilya"]
[Black "Bapat, Udayan"]
[Result "1-0"]
[WhiteElo "2252"]
[BlackElo "2214"]
[PlyCount "81"]
[EventDate "2009.??.??"]

1. d4 Nf6 2. c4 c5 3. d5 e6 4. Nc3 exd5 5. cxd5 d6 6. e4 g6 7. f4 Bg7 8. Bb5+
Nfd7 9. Nf3 O-O 10. O-O a6 11. Bd3 b5 12. Kh1 Bb7 13. a3 Nf6 14. f5 Nbd7 15.
Bg5 h6 16. Bf4 Ne8 17. fxg6 fxg6 18. Qd2 g5 19. Bg3 Qe7 20. Rae1 Nef6 21. e5
Nh5 22. e6 Nxg3+ 23. hxg3 Nb6 24. Bg6 b4 25. axb4 cxb4 26. Ne4 Bxd5 27. Bf7+
Rxf7 28. exf7+ Qxf7 29. g4 Nc4 30. Qxb4 Qg6 31. Nc3 Bf7 32. Qb7 Re8 33. Rxe8+
Bxe8 34. Qc8 Ne5 35. Nxe5 Bxe5 36. Nd5 Kg7 37. Nc7 Bf7 38. Qd7 h5 39. Rf5 Kg8
40. Qd8+ Kh7 41. Qe7 1-0

[Event "USCL Carolina vs Boston"]
[Site "Internet Chess Club"]
[Date "2009.10.07"]
[Round "6"]
[White "Schroer, Jonathan"]
[Black "Perelshteyn, Eugene"]
[Result "0-1"]
[WhiteElo "2429"]
[BlackElo "2628"]
[PlyCount "84"]
[EventDate "2009.??.??"]

1. d4 Nf6 2. c4 g6 3. Nc3 d5 4. Nf3 Bg7 5. Bg5 Ne4 6. cxd5 Nxg5 7. Nxg5 e6 8.
Nf3 exd5 9. e3 O-O 10. Be2 Re8 11. b4 c6 12. O-O a6 13. a4 a5 14. b5 Bf8 15.
Ne5 Bd6 16. Nd3 Nd7 17. Bf3 Nf6 18. Re1 Ne4 19. Bxe4 dxe4 20. Nc5 f5 21. bxc6
bxc6 22. Rb1 Ra7 23. Qb3+ Rf7 24. Qb6 Qf6 25. Qxa5 h5 26. Rb6 Bc7 27. Qb4 Bxb6
28. Qxb6 h4 29. h3 g5 30. a5 f4 31. N3xe4 Qg6 32. f3 Bf5 33. a6 Ra8 34. exf4
gxf4 35. Kh2 Rg7 36. Re2 Kh8 37. Ra2 Rag8 38. Qb2 Bxh3 39. Kxh3 Qf5+ 40. Kh2 h3
41. gxh3 Qxh3+ 42. Kxh3 Rh7# 0-1

[Event "USCL Carolina vs Boston"]
[Site "Internet Chess Club"]
[Date "2009.10.07"]
[Round "6"]
[White "Simpson, Ron"]
[Black "Corke, Anya"]
[Result "0-1"]
[WhiteElo "2290"]
[BlackElo "2304"]
[PlyCount "86"]
[EventDate "2009.??.??"]

1. e4 e6 2. Nf3 c5 3. d4 cxd4 4. Nxd4 a6 5. Bd3 Bc5 6. Nb3 Ba7 7. Qe2 d6 8. Nc3
Nc6 9. Be3 Nge7 10. a4 O-O 11. O-O Bd7 12. Rfd1 Qc7 13. Kh1 Bxe3 14. Qxe3 Rad8
15. f4 Nb4 16. Nd4 Qc5 17. e5 Nxd3 18. Rxd3 dxe5 19. fxe5 Ng6 20. Rad1 Qxe5 21.
Qf3 Qc7 22. Ne4 Bc8 23. Qf2 e5 24. Nb3 Bg4 25. Rxd8 Rxd8 26. Rxd8+ Qxd8 27. h3
Be6 28. Nbc5 Bc8 29. Nd3 f5 30. Nc3 Qd6 31. Qa7 e4 32. Qa8 Ne7 33. Nc1 f4 34.
Qa7 Qd2 35. Qg1 Qxc2 36. N1e2 f3 37. Ng3 Qxb2 38. Ncxe4 Qxg2+ 39. Qxg2 fxg2+
40. Kxg2 b6 41. Nd6 Bd7 42. Nc4 Nd5 43. Nb2 Nc3 0-1

[Event "USCL Tennessee vs Dallas"]
[Site "Internet Chess Club"]
[Date "2009.10.07"]
[Round "6"]
[White "Ehlvest, Jaan"]
[Black "Ludwig, Daniel"]
[Result "1/2-1/2"]
[WhiteElo "2697"]
[BlackElo "2543"]
[PlyCount "97"]
[EventDate "2009.??.??"]

1. e4 c5 2. Nf3 d6 3. d4 cxd4 4. Nxd4 Nf6 5. Nc3 a6 6. Be3 e6 7. g4 e5 8. Nf5
h5 9. g5 Nxe4 10. Nxg7+ Bxg7 11. Nxe4 d5 12. Ng3 d4 13. Bd2 Qd5 14. c4 Qc6 15.
Bd3 Bg4 16. Qc2 Bf3 17. Be4 Bxe4 18. Nxe4 Nd7 19. O-O-O O-O-O 20. Kb1 Kb8 21.
Bb4 Bf8 22. Bxf8 Rhxf8 23. Rhe1 f5 24. gxf6 Nxf6 25. Nxf6 Qxf6 26. Rd2 Qf4 27.
h3 Qh2 28. Qe4 Rde8 29. Qh4 Qf4 30. Qxf4 Rxf4 31. Kc2 Rh4 32. Rd3 Kc7 33. Kd2
Kd6 34. Rg1 Re7 35. b4 Rf7 36. Rg6+ Kc7 37. Rg2 Rd7 38. Rg5 e4 39. Rdg3 Rf4 40.
Ke1 d3 41. Rg7 d2+ 42. Kd1 Rxf2 43. Rxd7+ Kxd7 44. Re3 Rh2 45. Rxe4 Rxh3 46.
Kxd2 Rh2+ 47. Kc3 Rxa2 48. Rh4 Ra3+ 49. Kb2 1/2-1/2

[Event "USCL San Francisco vs Miami"]
[Site "Internet Chess Club"]
[Date "2009.10.07"]
[Round "6"]
[White "Recio, Miguel"]
[Black "Liou, Yian"]
[Result "1/2-1/2"]
[WhiteElo "2164"]
[BlackElo "2149"]
[PlyCount "134"]
[EventDate "2009.??.??"]

1. d4 f5 2. c4 Nf6 3. Nf3 e6 4. g3 d5 5. Bg2 c6 6. O-O Bd6 7. b3 Qe7 8. Bb2 O-O
9. Ne5 Nbd7 10. Nd2 Bxe5 11. dxe5 Ng4 12. Nf3 b6 13. Qd2 Bb7 14. Rac1 Rfd8 15.
Qf4 Nf8 16. h3 Nh6 17. Rfd1 c5 18. e3 Nf7 19. cxd5 Ng6 20. Qc4 Bxd5 21. Qe2
Rac8 22. h4 Bxf3 23. Bxf3 Ngxe5 24. Bg2 Rxd1+ 25. Rxd1 c4 26. bxc4 Nxc4 27. Rc1
Nfd6 28. Bd4 Qf7 29. Rd1 b5 30. Bf3 a6 31. Bg2 Rd8 32. h5 h6 33. Bc3 Qc7 34. e4
Nxe4 35. Rxd8+ Qxd8 36. Bxe4 fxe4 37. Qxe4 Qd1+ 38. Kg2 Qd5 39. Qxd5 exd5 40.
Kf3 Kf7 41. Ke2 g6 42. hxg6+ Kxg6 43. Kd3 Kf5 44. Kd4 Ke6 45. Kc5 h5 46. f4 Nd6
47. Kb6 Ne4 48. Be1 Kd7 49. Kxa6 Kc6 50. f5 d4 51. Ka5 d3 52. Kb4 d2 53. Bxd2
Nxd2 54. f6 Kd6 55. Kxb5 Ne4 56. f7 Ke7 57. a4 Nc3+ 58. Kb4 Nxa4 59. Kxa4 Kxf7
60. Kb3 Kf6 61. Kc2 Kf5 62. Kd1 Kg4 63. Ke1 Kxg3 64. Kf1 Kh2 65. Kf2 h4 66. Kf1
Kh1 67. Kf2 Kh2 1/2-1/2

[Event "USCL Tennessee vs Dallas"]
[Site "Internet Chess Club"]
[Date "2009.10.07"]
[Round "6"]
[White "Bick, John"]
[Black "Kiewra, Keaton"]
[Result "1-0"]
[WhiteElo "2260"]
[BlackElo "2365"]
[PlyCount "109"]
[EventDate "2009.??.??"]

1. e4 c5 2. Nf3 d6 3. d4 Nf6 4. Nc3 cxd4 5. Nxd4 g6 6. Be3 Bg7 7. f3 O-O 8. Qd2
Nc6 9. Bc4 Bd7 10. O-O-O Rb8 11. Bb3 Na5 12. Bh6 Bxh6 13. Qxh6 b5 14. Nd5 e6
15. Nxf6+ Qxf6 16. h4 Qg7 17. Qg5 Nc4 18. Bxc4 bxc4 19. h5 c3 20. b3 Rb4 21. h6
Qh8 22. Ne2 Rb6 23. Ng3 Rb5 24. Qe7 Qe5 25. Qxd7 Ra5 26. a4 Qxg3 27. Qxd6 Qxg2
28. Qd4 Qg5+ 29. Kb1 Qe5 30. Ka2 Qxd4 31. Rxd4 f5 32. Rc4 fxe4 33. fxe4 Rh5 34.
Rxh5 gxh5 35. Rxc3 h4 36. b4 Rf4 37. Re3 Kf7 38. Kb3 Kg6 39. b5 Kxh6 40. a5 Rf1
41. Kc4 Kg5 42. Rb3 Rf8 43. b6 axb6 44. axb6 Kg4 45. b7 Rb8 46. Kc5 h3 47. Kc6
h2 48. Rb1 Rg8 49. Kc7 Rg7+ 50. Kb6 Rg8 51. Ka7 Kf3 52. b8=Q Rxb8 53. Kxb8 h5
54. c4 Kxe4 55. Rd1 1-0

[Event "USCL San Francisco vs Miami"]
[Site "Internet Chess Club"]
[Date "2009.10.07"]
[Round "6"]
[White "Naroditsky, Daniel"]
[Black "Rodriguez, Eric"]
[Result "1/2-1/2"]
[WhiteElo "2371"]
[BlackElo "2290"]
[PlyCount "70"]
[EventDate "2009.??.??"]

1. e4 e5 2. Nf3 Nc6 3. Bb5 a6 4. Ba4 Nf6 5. d3 d6 6. O-O Bd7 7. c3 g6 8. Nbd2
Bg7 9. Re1 O-O 10. Nf1 Qe8 11. Ng3 Kh8 12. Bb3 Ng8 13. h3 f5 14. exf5 gxf5 15.
d4 f4 16. Ne4 Rd8 17. d5 Nce7 18. c4 Nh6 19. Bc2 Nhf5 20. Bd3 Ng6 21. g4 fxg3
22. fxg3 h6 23. h4 Rf7 24. h5 Nge7 25. g4 Nd4 26. Nxd4 exd4 27. g5 Rf5 28. Nf6
Rxf6 29. gxf6 Bxf6 30. Bg6 Qg8 31. Rxe7 Bxe7 32. Qxd4+ Qg7 33. Qxg7+ Kxg7 34.
Bd2 Bf6 35. Re1 Be5 1/2-1/2

[Event "USCL San Francisco vs Miami"]
[Site "Internet Chess Club"]
[Date "2009.10.07"]
[Round "6"]
[White "Martinez, Marcel"]
[Black "Kraai, Jesse"]
[Result "1-0"]
[WhiteElo "2475"]
[BlackElo "2552"]
[PlyCount "111"]
[EventDate "2009.??.??"]

1. e4 e6 2. d4 d5 3. Nc3 Nf6 4. Bg5 Bb4 5. e5 h6 6. Bd2 Bxc3 7. bxc3 Ne4 8. Qg4
g6 9. Qf4 c5 10. Bd3 Nxd2 11. Qxd2 Nc6 12. Nf3 Qa5 13. dxc5 Qxc5 14. h4 Bd7 15.
Rb1 O-O-O 16. O-O Kb8 17. Rb5 Qe7 18. Rfb1 Bc8 19. Nd4 Nxd4 20. cxd4 Rd7 21. g3
g5 22. h5 Rc7 23. Qa5 b6 24. R5b3 Bb7 25. Qd2 Rc4 26. Bxc4 dxc4 27. Qb4 Qd7 28.
Qxc4 Ka8 29. Ra3 Rc8 30. Qb4 Qc6 31. f3 g4 32. Qxb6 Qxb6 33. Rxb6 gxf3 34. Rxb7
f2+ 35. Kg2 Kxb7 36. Rf3 Rxc2 37. Rxf7+ Kc6 38. Rxf2 Rc4 39. Rf6 Kd5 40. Rxh6
Rxd4 41. Rh7 Rd2+ 42. Kh3 Rxa2 43. g4 Kxe5 44. Rf7 Ra1 45. Kg2 Ra2+ 46. Kg3
Ra3+ 47. Kh4 Ra1 48. Kg5 a5 49. h6 a4 50. h7 Rh1 51. Kg6 a3 52. Ra7 Kf4 53.
Ra4+ Kg3 54. g5 e5 55. Kg7 e4 56. h8=Q 1-0

[Event "USCL Tennessee vs Dallas"]
[Site "Internet Chess Club"]
[Date "2009.10.07"]
[Round "6"]
[White "Vaidya, Chatiana"]
[Black "Justice, David"]
[Result "1-0"]
[WhiteElo "2324"]
[BlackElo "2087"]
[PlyCount "83"]
[EventDate "2009.??.??"]

1. e4 e6 2. Nf3 d5 3. Nc3 Nf6 4. e5 Nfd7 5. d4 c5 6. Ne2 cxd4 7. Nexd4 Nc6 8.
Bb5 Qc7 9. O-O a6 10. Ba4 b5 11. Nxc6 Qxc6 12. Bb3 Bc5 13. a4 Rb8 14. Nd4 Qb6
15. a5 Qc7 16. f4 Bxd4+ 17. Qxd4 Qc5 18. Be3 Qxd4 19. Bxd4 O-O 20. f5 Bb7 21.
g4 Bc6 22. h4 b4 23. h5 Bb5 24. Rf2 Rbc8 25. h6 g6 26. Ba4 Bxa4 27. Rxa4 Rc4
28. c3 bxc3 29. Rxc4 dxc4 30. Bxc3 exf5 31. gxf5 Nb8 32. Rd2 Nc6 33. Rd6 Rc8
34. f6 Rc7 35. Kf2 Kf8 36. Ke3 Ke8 37. Ke4 Nb8 38. Kd5 g5 39. Rb6 Rc8 40. e6 g4
41. Rb7 Rd8+ 42. Ke4 1-0

[Event "USCL Queens vs Seattle"]
[Site "Internet Chess Club"]
[Date "2009.10.07"]
[Round "6"]
[White "Zaremba, Andrei"]
[Black "Lee, Michael"]
[Result "1-0"]
[WhiteElo "2398"]
[BlackElo "2384"]
[PlyCount "83"]
[EventDate "2009.??.??"]

1. d4 Nf6 2. Nf3 g6 3. g3 Bg7 4. Bg2 O-O 5. O-O d6 6. c4 Nc6 7. Nc3 a6 8. Re1
Rb8 9. Rb1 Bf5 10. e4 Bg4 11. Be3 Nd7 12. Qd2 Bxf3 13. Bxf3 e5 14. d5 Nd4 15.
Bg2 c5 16. dxc6 bxc6 17. b4 a5 18. b5 Nb6 19. Qd3 Qd7 20. Bxd4 exd4 21. Ne2 d5
22. exd5 cxd5 23. c5 Na4 24. c6 Qa7 25. Bxd5 Qc5 26. Qc4 Qxc4 27. Bxc4 Nb6 28.
Bd3 Nd5 29. Rec1 Rfc8 30. Bc4 Nb6 31. Nf4 Bh6 32. Rc2 Bxf4 33. gxf4 Rc7 34. Kg2
Kg7 35. Kf3 Re8 36. a4 Kf8 37. Bb3 Rd8 38. Rd1 d3 39. Rcd2 Rd4 40. Rxd3 Rb4 41.
Re1 h6 42. Re4 1-0

[Event "USCL Tennessee vs Dallas"]
[Site "Internet Chess Club"]
[Date "2009.10.07"]
[Round "6"]
[White "Bercys, Salvijus"]
[Black "Shabalov, Alex"]
[Result "1-0"]
[WhiteElo "2503"]
[BlackElo "2624"]
[PlyCount "119"]
[EventDate "2009.??.??"]

1. d4 Nf6 2. c4 g6 3. f3 Nc6 4. e4 e5 5. Ne2 exd4 6. Nxd4 Bg7 7. Nxc6 bxc6 8.
Nc3 O-O 9. Be2 d5 10. cxd5 cxd5 11. exd5 Bb7 12. O-O Nxd5 13. Ne4 c5 14. Kh1
Bd4 15. Bg5 Qb6 16. Bc4 Ne3 17. Bxe3 Bxe3 18. Qe1 Bd4 19. Rb1 a5 20. Qh4 Kg7
21. a3 Rae8 22. Qf4 Re5 23. Rbd1 f6 24. b3 Rfe8 25. Ng3 R8e7 26. Qd2 Qc7 27.
Rfe1 Be3 28. Qc3 Bf4 29. Nf1 h5 30. Rxe5 Bxe5 31. Qd2 Bc6 32. Re1 a4 33. bxa4
Bxa4 34. Qd5 Re8 35. Rb1 Rd8 36. Qe6 Bc6 37. Ba2 Qd7 38. Qc4 Bd4 39. Rd1 Qe7
40. Qd3 Rb8 41. Nd2 Qe3 42. Qxe3 Bxe3 43. Nc4 Bd4 44. Na5 Ba4 45. Re1 Rb2 46.
Bd5 Bc3 47. Nc4 Rc2 48. Rb1 Bd4 49. h4 Bf2 50. Kh2 f5 51. Rb7+ Kh6 52. Bg8 g5
53. Ne5 gxh4 54. f4 Bg3+ 55. Kh3 Bxf4 56. Rh7+ Kg5 57. Nf3+ Kg6 58. Nxh4+ Kf6
59. Rf7+ Ke5 60. Ng6+ 1-0